X-rays in theory and experiment / (Record no. 151021)
[ view plain ]
| 000 -LEADER | |
|---|---|
| fixed length control field | 00842cam8a220022900 4500 |
| 001 - CONTROL NUMBER | |
| control field | tmp15369660 |
| 003 - CONTROL NUMBER IDENTIFIER | |
| control field | UPRA |
| 005 - DATE AND TIME OF LATEST TRANSACTION | |
| control field | 20190823110337.0 |
| 008 - FIXED-LENGTH DATA ELEMENTS--GENERAL INFORMATION | |
| fixed length control field | 950801r1963 nyu eng u |
| 035 ## - SYSTEM CONTROL NUMBER | |
| System control number | (Sirsi) r14198 |
| 035 ## - SYSTEM CONTROL NUMBER | |
| System control number | (UPRA)tmp15369660 |
| 040 ## - CATALOGING SOURCE | |
| Transcribing agency | UPRA |
| 100 1# - MAIN ENTRY--PERSONAL NAME | |
| Personal name | Compton, Arthur Holly, 1892-1962. |
| Dates associated with a name | Compton, Arthur Holly, 1892-1962. |
| Linkage | A69923.1 |
| 245 10 - TITLE STATEMENT | |
| Title | X-rays in theory and experiment / |
| Statement of responsibility, etc. | by Arthur H. Compton and Samuel K. Allison. |
| 260 ## - PUBLICATION, DISTRIBUTION, ETC. | |
| Place of publication, distribution, etc. | New York : |
| Name of publisher, distributor, etc. | Van Nostrand, |
| Date of publication, distribution, etc. | [1963 reprint] |
| 500 ## - GENERAL NOTE | |
| General note | "Second ed. of X-rays and electrons, by Arthur H. Compton." |
| 504 ## - BIBLIOGRAPHY, ETC. NOTE | |
| Bibliography, etc. note | Includes references. |
| 650 #0 - SUBJECT ADDED ENTRY--TOPICAL TERM | |
| Topical term or geographic name entry element | X-rays. |
| Linkage | S7796.1 |
| 700 1# - ADDED ENTRY--PERSONAL NAME | |
| Personal name | Allison, Samuel King, 1900-1965. |
| Dates associated with a name | Allison, Samuel King, 1900-1965. |
| Linkage | A69924.1 |
| 949 ## - LOCAL PROCESSING INFORMATION (OCLC) | |
| a | QC481 |
| w | lcc |
| i | 33729001808034 |
| m | MAIN |
| p | 2500 |
| t | BOOK |
| l | ON-SHELF |
No items available.